Statistics for Name the kpop idols that look alike!

Click here to take the quiz!

General Stats

  • This quiz has been taken 94 times
  • The average score is 7 of 8

Answer Stats

Answer% Correct
Suga
99%
Jennie
96%
Jin
95%
Jisoo
93%
Woozi
85%
Taehyun
83%
Ningning
70%
Jonghyun
65%

Score Distribution

Percentile by Number Answered

Percent of People with Each Score

Your Score History

You have not taken this quiz